000 00308nam a22001457a 4500
008 221028b ||||| |||| 00| 0 eng d
020 _ax001c9ky9l
041 _aeng
080 _a610.73
082 _a610.73 PAR
100 _a9
101 _aMJEK
245 _aHEARING AIDS
_cPARKER PH
942 _2udc
_cBK
999 _c58684
_d58684